000 00453nam a2200181Ia 4500
001 19752
005 20260306172716.0
008 260306t2003||||xx |||||||||||||| ||spa||
041 _aESP
082 _a341
_bS724
100 _aSchapp, Jan
_eAUT
245 0 _aDerecho civil y filosofía del derecho:
_bla libertad en el derecho
260 _c2003
300 _a99 páginas :
_c17 cm.
650 _aGEN
654 _aCDE
942 _cLIB
_dJUS
_fJUS
_2ddc
_n
999 _c19752
_d19752